00455nam a2200181 a 4500001001300000003000900013005001700022008004100039020001000080082001400090100001300104245002700117260003800144300000800182500003500190505002100225650002700246nice12345678IN_TiNIC20260116011501.0050524s0919 newa grp 000 0 eng  ac10000a228bBOX1 aBox, G H aApocalypse of Abraham. aNew YorkbMacmillan Companyc0919 a62p aincludes index and biblioraphy2 aBiblio..., Index aApocalyptic Literature